Caricamento...
Riders to the sea and the playboy of the western world
| Autori principali: | , |
|---|---|
| Natura: | Printed Book |
| Pubblicazione: |
New Delhi, Oxford University Press
1979
|
| Soggetti: |
| LEADER | 005040000a22001570004500 | ||
|---|---|---|---|
| 082 | |a 822 SYN/R L9 | ||
| 100 | |a Kaul, R K |f Ed | ||
| 100 | |a Synge, J M | ||
| 245 | |a Riders to the sea and the playboy of the western world | ||
| 260 | |a New Delhi, Oxford University Press | ||
| 260 | |c 1979 | ||
| 650 | |a Drama | ||
| 650 | |a English literature | ||
| 942 | |c BK | ||
| 999 | |c 133796 |d 133792 | ||
| 952 | |0 0 |1 0 |4 0 |6 822_000000000000000_SYN_R_L9 |7 0 |9 132710 |a SCP |b SCP |d 2014-02-11 |l 0 |o 822 SYN/R L9 |p SCP02335 |r 2014-02-11 |w 2014-02-11 |y BK | ||